Datum a čas kvízu
35.5
Celkem bodů
Celkový počet nahraných bodů na tomto kvízu bez doplňovacích otázek.
4.
Pořadí na kvízu
Konečné umístění týmu na tomto kvízu.
Zaznamenané odpovědi
| # | Otázka | Odpověď | Body | Výsledky |
|---|---|---|---|---|
| 1. | Prezident Petr Pavel stanovil... | 3. a 4. října (2025) | 1 | |
| 2. | Minulý týden jsme byli informo... | Magna Charta (Libertatum) | 1 | |
| 3. | V sobotu se konalo finále 69.... | Švýcarsko, Adam Pavlovčin (Adonxs) | 0 | |
| 4. | Netradiční způsob přivítání zv... | Albánie | 1 | |
| 5. | Jak se jmenuje trenér, který p... | Luboš Loučka | 1 | |
| 6. | Podíváme se na pět reklam, z n... | sázení (sázková kancelář, hazard) | 1 | |
| 7. | Tento spot přijala veřejnost o... | fazole | 0 | |
| 8. | Doplňte 4 slova, která pokraču... | vy už tady nebudete | 1 | |
| 9. | Tato televizní reklama na Fido... | Karel Zich | 1 | |
| 10. | Spot režiséra Jakuba Koháka se... | ÚAMK | 1 |